Primer Congreso de Ferrocarriles de Chile, septiembre de 1921
Saved in:
| Corporate Author: | |
|---|---|
| Format: | Book |
| Language: | Spanish |
| Published: |
Santiago
Imprenta de los Ferrocarriles del Estado
1922
|
| Edition: | 1a. ed |
| Subjects: | |
| Tags: |
Add Tag
No Tags, Be the first to tag this record!
|
MARC
| LEADER | 00000nam a2200000 a 4500 | ||
|---|---|---|---|
| 001 | UCJ5777 | ||
| 003 | CL-VaPUC | ||
| 008 | 070124e19220000CL |||||||||||||||||spa|d | ||
| 082 | 0 | 4 | |a 983 |b FER |2 21 |
| 110 | 2 | |a Ferrocarriles del Estado |e author |9 511520 | |
| 245 | 1 | 0 | |a Primer Congreso de Ferrocarriles de Chile, septiembre de 1921 |
| 250 | |a 1a. ed | ||
| 300 | |a 3 v | ||
| 942 | |c BK | ||
| 945 | |d 20070124 00:00:00 |a rinostro | ||
| 260 | |a Santiago |b Imprenta de los Ferrocarriles del Estado |c 1922 | ||
| 500 | |a Front., fotografía de D. Manuel Trucco F | ||
| 600 | 0 | 7 | |a TRUCCO F., MANUEL |2 CL-VaPUC |9 511521 |
| 650 | 0 | |a Ferrocarriles |9 260933 | |
| 650 | 7 | |a TRANSPORTE |2 CL-VaPUC |9 256365 | |
| 650 | 0 | |a Obras públicas |9 261125 | |
| 650 | 0 | |a Congresos |9 257560 | |
| 650 | 0 | |a Iconografía |9 267998 | |
| 650 | 0 | |a Ilustraciones |9 369481 | |
| 650 | 0 | |a Ingeniería |9 259380 | |
| 650 | 0 | |a Estadísticas |9 258644 | |
| 650 | 7 | |a TARIFAS |2 CL-VaPUC |9 317352 | |
| 650 | 0 | |a Historia de Chile |9 265473 | |
| 583 | |a last modification |c 20070124 00:00:00 |k Rodrigo Vera | ||
| 999 | |c 321886 |d 321884 | ||
| 952 | |0 0 |1 0 |4 0 |6 983_000000000000000_FER_1922 |7 0 |8 X |9 400760 |a FDOBUD |b FDOBUD |d 2019-11-22 |h v.1 |i 103958K |o 983 FER 1922 |p 103958K |r 2019-11-22 |w 2019-11-22 |y BK_X |k BUD | ||
| 952 | |0 0 |1 0 |4 0 |6 983_000000000000000_FER_1922 |7 0 |8 X |9 400761 |a FDOBUD |b FDOBUD |d 2019-11-22 |h v.4 |i 1039474 |o 983 FER 1922 |p 1039474 |r 2019-11-22 |w 2019-11-22 |y BK_X |k BUD | ||
| 952 | |0 0 |1 0 |4 0 |6 983_000000000000000_FER_1922 |7 0 |8 X |9 400762 |a FDOBUD |b FDOBUD |d 2019-11-22 |h v.3 |i 1039482 |o 983 FER 1922 |p 1039482 |r 2019-11-22 |w 2019-11-22 |y BK_X |k BUD | ||